01325nam a2200265 4500003000800000005001700008008004100025040002600066041000800092092002500100100003900125245025000164260004300414300001800457502016700475504005100642530006200693650004900755650003600804650003800840651007000878830008100948942001301029999001701042DO-SdUA20250325093535.0 s2020 dr a|| |||| 0 |a||0|spa d aDO-SdUAbspacDO-SdUA0 aspa aMA-EFD 0064 FCE 20201 aPaniagua Perozo, Ismael Nicolás 13aLa psicomotricidad y su incidencia en el desarrollo del esquema corporal de los estudiantes de segundo grado de primaria de la escuela San Rafael Fe y Alegría, San Rafael del Yuma, La Altagracia, año 2020 /cIsmael Nicolás Paniagua Perozo. aSan Pedro de Macorís :bUASD,c2020. a116 h. :bil. aTesis y Trabajo de Grado (Maestría en Gestión de la Educación Física y el Deporte)--Universidad Autónoma de Santo Domingo, San Pedro de Macorís, 2020. aIncluye referencias bibliográficas y anexos. aTambién disponible en CD-ROM (CD MA-EFD 0064 FCE 2020). 72lemb925194aPsicomotricidadxInvestigacones 72lemb93188aAutoimagen corporal 72lemb910542aEducación primaria 72lemb954707aLa Altagracia (Provincia)y2020zSan Rafael del Yuma aTesis y disertaciones académicas (Universidad Autónoma de Santo Domingo) 2clcTn0 c12635d12635